000 00726nam a22002537i 4500
003 DO-SdBNP
005 20250415091416.0
007 ta
008 250415b2024 |||||||| |||| 00| 0 eng d
020 _a9789945801439
040 _aDO-SdBNP
_bspa
_cBNPHU
_erda
041 _hspa
082 _axxx
_bC352f
_222
100 1 _aCastillo, Aurelia
_eautor
_976355
245 1 4 _aFin del Mundo, visto por una niña /
_cAurelia Castillo
264 _aSan Pedro de Macorís :
_bEditora no identificada
_c2024.
300 _a41 páginas ;
_c22
336 _ardacontent
_btexto
_2txt
337 _ardamedia
_bsin mediación
_2n
338 _ardacarrier
_bvolumen
_2nc
590 _aInventariado, 2025/DG
910 _aDG
942 _2ddc
_cLF2
999 _c58170
_d58170